| 000 | 00578nam a2200193 a 4500 | ||
|---|---|---|---|
| 001 | 000028716 | ||
| 005 | 20200930055108.0 | ||
| 008 | 110411s2010 dr 000 f spa d | ||
| 020 | _a9789945863710 | ||
| 040 |
_aDO-SdBNP _bspa _cBNPHU |
||
| 082 |
_axxxx _bP188d |
||
| 100 | 1 |
_aPancrazi, Jean Noël, _d1949- _955706 |
|
| 240 | 1 | 4 | _aLes dollars des sables |
| 245 | 1 | 4 |
_aLos dólares de arena / _cJean Noël Pancrazi; traductor David Puig. |
| 260 |
_aSanto Domingo : _bDe a Poco, _c2010. |
||
| 300 |
_a121 cm. ; _c20 cm. |
||
| 700 | 1 | 2 |
_aPuig, David, _etrad. _955707 |
| 049 | _aBNPD | ||
| 999 |
_c28208 _d28208 |
||